Statistiken für Uri: Gemeinden nach Einwohnerzahl

Klicken Sie hier um das Quiz zu spielen!

Allgemein

  • Dieses Quiz wurde 24 mal gespielt
  • Das Durchschnittsergebnis liegt bei 6 aus 8

Antwortstatistiken

EinwohnerzahlGemeinde% Korrekt
9565Altdorf (UR)
100%
5408Schattdorf
100%
1951Silenen
91%
3861Erstfeld
82%
2025Flüelen
82%
3930Bürglen (UR)
64%
2045Seedorf (UR)
64%
1747Attinghausen
55%

Verteilung der Resultate

Perzentil nach korrekt beantworteten Fragen

Anzahl Personen mit jedem Resultat

Ihre Resultats-Entwicklung

Sie haben dieses Quiz noch nicht gespielt